| 000 | 00552nam a2200193 i 4500 | ||
|---|---|---|---|
| 001 | 24033 | ||
| 003 | ES-MaACL | ||
| 005 | 20230906152956.0 | ||
| 007 | t| | ||
| 008 | 021213s1973 sp ||||1| val d | ||
| 100 | 1 |
_aAmo, Joaquín. _921275 |
|
| 245 | 1 | 3 |
_aL' oncle Canyis _b: estampes del vell monover / _cJoaquín del Amo. |
| 260 |
_aValencia : _b[s.n., _c1973] ( _fImp. Fermar) |
||
| 300 |
_a159 p. ; _c22 cm. |
||
| 490 | 1 |
_aL'estel ; _v21 |
|
| 830 | 0 |
_aL'estel ; _v21 _9180889 |
|
| 852 |
_aES-MaACL _jC-53430 _bR.86500 |
||
| 999 |
_c24033 _d24033 |
||